<?xml version="1.0" encoding="UTF-8"?>
<record
    xmlns:xsi="http://www.w3.org/2001/XMLSchema-instance"
    xsi:schemaLocation="http://www.loc.gov/MARC21/slim http://www.loc.gov/standards/marcxml/schema/MARC21slim.xsd"
    xmlns="http://www.loc.gov/MARC21/slim">

  <leader>00808nam a22001337a 4500</leader>
  <datafield tag="040" ind1=" " ind2=" ">
    <subfield code="c">RUA</subfield>
  </datafield>
  <datafield tag="082" ind1=" " ind2=" ">
    <subfield code="a">AVM CHH 2016 B654 O.1</subfield>
  </datafield>
  <datafield tag="100" ind1=" " ind2=" ">
    <subfield code="a">CHHEUN SOPHEAK &#x1788;&#x17BA;&#x1793; &#x179F;&#x17BB;&#x1797;&#x17D0;&#x1780;&#x17D2;&#x179A;</subfield>
  </datafield>
  <datafield tag="245" ind1=" " ind2=" ">
    <subfield code="a">effect of gentanmicin and tiamulin on weaning piglet dairrhea at cp phnumsroch disrtict, kampong speu province &#x1794;&#x17D2;&#x179A;&#x179F;&#x17B7;&#x1791;&#x17D2;&#x1792;&#x1797;&#x17B6;&#x1796;&#x179A;&#x1794;&#x179F;&#x17CB; GENTAMICIN &#x1793;&#x17B7;&#x1784;TIAMULIN &#x1793;&#x17C5;&#x1787;&#x17C6;&#x1784;&#x17BA;&#x179A;&#x17B6;&#x1780;&#x1780;&#x17BC;&#x1793;&#x1787;&#x17D2;&#x179A;&#x17BC;&#x1780;&#x1780;&#x17D2;&#x1793;&#x17BB;&#x1784;&#x1796;&#x17C1;&#x179B;&#x1794;&#x17C5;&#x178A;&#x17C4;&#x17C7;&#x1780;&#x17D2;&#x1793;&#x17BB;&#x1784;&#x1780;&#x17D2;&#x179A;&#x17BB;&#x1798;&#x17A0;&#x17CA;&#x17BB;&#x1793; &#x179F;&#x17CA;&#x17B8;&#x1797;&#x17B8; &#x179F;&#x17D2;&#x179A;&#x17BB;&#x1780;&#x1797;&#x17D2;&#x1793;&#x17C6;&#x179F;&#x17D2;&#x179A;&#x17BD;&#x1785; &#x1781;&#x17C1;&#x178F;&#x17D2;&#x178F;&#x1780;&#x17C6;&#x1796;&#x1784;&#x179F;&#x17D2;&#x1796;&#x17BA; &#x200B;</subfield>
  </datafield>
  <datafield tag="260" ind1=" " ind2=" ">
    <subfield code="a">RUA</subfield>
    <subfield code="b">Phnom penh</subfield>
    <subfield code="c">2016</subfield>
  </datafield>
  <datafield tag="300" ind1=" " ind2=" ">
    <subfield code="a">viii;34p</subfield>
    <subfield code="b">ill;</subfield>
    <subfield code="c">29cm</subfield>
  </datafield>
  <datafield tag="856" ind1=" " ind2=" ">
    <subfield code="u">https://drive.google.com/file/d/1A5uMN9dzkVKQ4ccHBb0dIEVFL3BKk2RT/view?usp=sharing</subfield>
  </datafield>
  <datafield tag="942" ind1=" " ind2=" ">
    <subfield code="c">AVM</subfield>
  </datafield>
  <datafield tag="999" ind1=" " ind2=" ">
    <subfield code="c">18569</subfield>
    <subfield code="d">18569</subfield>
  </datafield>
  <datafield tag="952" ind1=" " ind2=" ">
    <subfield code="0">0</subfield>
    <subfield code="1">0</subfield>
    <subfield code="2">ddc</subfield>
    <subfield code="4">0</subfield>
    <subfield code="6">AVM_CHH_2016_000000000000000_B654_O_1</subfield>
    <subfield code="7">0</subfield>
    <subfield code="9">82852</subfield>
    <subfield code="a">LBB</subfield>
    <subfield code="b">LBB</subfield>
    <subfield code="c">B654</subfield>
    <subfield code="d">2019-12-23</subfield>
    <subfield code="o">AVM CHH 2016 B654 O.1</subfield>
    <subfield code="p">A42169</subfield>
    <subfield code="r">2019-12-23</subfield>
    <subfield code="w">2019-12-23</subfield>
    <subfield code="y">AVM</subfield>
  </datafield>
  <datafield tag="952" ind1=" " ind2=" ">
    <subfield code="0">0</subfield>
    <subfield code="1">0</subfield>
    <subfield code="2">ddc</subfield>
    <subfield code="4">0</subfield>
    <subfield code="6">AVM_CHH_2016_000000000000000_B654_O_2</subfield>
    <subfield code="7">0</subfield>
    <subfield code="9">82853</subfield>
    <subfield code="a">LBB</subfield>
    <subfield code="b">LBB</subfield>
    <subfield code="c">B654</subfield>
    <subfield code="d">2019-12-23</subfield>
    <subfield code="o">AVM CHH 2016 B654 O.2</subfield>
    <subfield code="p">A42652</subfield>
    <subfield code="r">2019-12-23</subfield>
    <subfield code="w">2019-12-23</subfield>
    <subfield code="y">AVM</subfield>
  </datafield>
  <datafield tag="952" ind1=" " ind2=" ">
    <subfield code="0">0</subfield>
    <subfield code="1">0</subfield>
    <subfield code="2">ddc</subfield>
    <subfield code="4">0</subfield>
    <subfield code="6">AVM_CHH_2016_000000000000000_B654_O_3</subfield>
    <subfield code="7">0</subfield>
    <subfield code="9">82854</subfield>
    <subfield code="a">LBB</subfield>
    <subfield code="b">LBB</subfield>
    <subfield code="c">B654</subfield>
    <subfield code="d">2019-12-23</subfield>
    <subfield code="o">AVM CHH 2016 B654 O.3</subfield>
    <subfield code="p">A42797</subfield>
    <subfield code="r">2019-12-23</subfield>
    <subfield code="w">2019-12-23</subfield>
    <subfield code="y">AVM</subfield>
  </datafield>
  <datafield tag="952" ind1=" " ind2=" ">
    <subfield code="0">0</subfield>
    <subfield code="1">0</subfield>
    <subfield code="2">ddc</subfield>
    <subfield code="4">0</subfield>
    <subfield code="6">AVM_CHH_2016_000000000000000_B654_O_4</subfield>
    <subfield code="7">0</subfield>
    <subfield code="9">82855</subfield>
    <subfield code="a">LBB</subfield>
    <subfield code="b">LBB</subfield>
    <subfield code="c">B654</subfield>
    <subfield code="d">2019-12-23</subfield>
    <subfield code="o">AVM CHH 2016 B654 O.4</subfield>
    <subfield code="p">A43615</subfield>
    <subfield code="r">2019-12-23</subfield>
    <subfield code="w">2019-12-23</subfield>
    <subfield code="y">AVM</subfield>
  </datafield>
  <datafield tag="952" ind1=" " ind2=" ">
    <subfield code="0">0</subfield>
    <subfield code="1">0</subfield>
    <subfield code="2">ddc</subfield>
    <subfield code="4">0</subfield>
    <subfield code="6">AVM_CHH_2016_000000000000000_B654_O_5</subfield>
    <subfield code="7">0</subfield>
    <subfield code="9">82856</subfield>
    <subfield code="a">LBB</subfield>
    <subfield code="b">LBB</subfield>
    <subfield code="c">B654</subfield>
    <subfield code="d">2019-12-23</subfield>
    <subfield code="o">AVM CHH 2016 B654 O.5</subfield>
    <subfield code="p">A42582</subfield>
    <subfield code="r">2019-12-23</subfield>
    <subfield code="w">2019-12-23</subfield>
    <subfield code="y">AVM</subfield>
  </datafield>
  <datafield tag="952" ind1=" " ind2=" ">
    <subfield code="0">0</subfield>
    <subfield code="1">0</subfield>
    <subfield code="2">ddc</subfield>
    <subfield code="4">0</subfield>
    <subfield code="6">AVM_CHH_2016_000000000000000_B654_O_6</subfield>
    <subfield code="7">0</subfield>
    <subfield code="9">82857</subfield>
    <subfield code="a">LBB</subfield>
    <subfield code="b">LBB</subfield>
    <subfield code="c">B654</subfield>
    <subfield code="d">2019-12-23</subfield>
    <subfield code="l">1</subfield>
    <subfield code="o">AVM CHH 2016 B654 O.6</subfield>
    <subfield code="p">A42657</subfield>
    <subfield code="r">2021-12-10</subfield>
    <subfield code="s">2021-11-30</subfield>
    <subfield code="w">2019-12-23</subfield>
    <subfield code="y">AVM</subfield>
  </datafield>
</record>
